Statistiken für Fernsehen: Teilnehmer bei Ich bin ein Star - holt mich hier raus!

Klicken Sie hier um das Quiz zu spielen!

Allgemein

  • Dieses Quiz wurde 467 mal gespielt
    (64 seit der letzten Aktualisierung)
  • Das Durchschnittsergebnis liegt bei 65 aus 191

Antwortstatistiken

STeilnehmer% Korrekt
Lucas Cordalis
75%
Sarah Knappik
72%
Twenty4tim
72%
Lucy Diakovska
68%
Kim Gloss
66%
Mike Heiter
66%
Sarah Kern
66%
1Costa Cordalis
64%
Heinz Hoenig
64%
Michael Wendler
64%
Cora Schumacher
62%
David Odonkor
62%
Kim Virginia Hartung
62%
Sara Kulka
62%
8Melanie Müller
60%
Daniel Küblböck
58%
David Friedrich
58%
Leyla Lahouar
58%
2Desiree Nick
57%
Michael Meziani
57%
Sarah Joelle Jahnel
57%
Thomas Häßler
57%
Thorsten Legat
57%
Felix van Deventer
55%
Felix von Jascheroff
53%
15Filip Pavlovic
53%
Lisa Fitz
53%
11Marc Terenzi
53%
Olivia Jones
53%
Thomas Rupprath
53%
Daniel Lopes
51%
David Ortega
51%
Eric Stehfest
51%
Frank Matthee
51%
10Menderes Bagci
51%
6Brigitte Nielsen
49%
13Evelyn Burdecki
49%
7Joey Heindle
49%
Tina Ruland
49%
Tina York
49%
Jens Büchner
47%
Peter Orloff
47%
Chris Töpperwien
45%
Fabio Knez
45%
Lisa Bund
45%
14Prince Damien
45%
3Ross Antony
45%
Ailton
43%
Markus Reinecke
43%
Peter Althof
43%
Peter Bond
43%
Anya Elsner
42%
Djamila Rowe
42%
Iris Klein
42%
Jay Khan
42%
Markus Mörl
42%
Michaela Schaffrath
42%
Alexander Keen
40%
Claudia Effenberg
40%
Indira Weis
40%
Jenny Elvers
40%
12Jenny Frankhauser
40%
Julia Biedermann
40%
Jürgen Milski
40%
Micaela Schäfer
40%
Helmut Berger
38%
Klaus Baumgart
38%
Larissa Marolt
38%
Markus Majowski
38%
Walter Freiwald
38%
Bastian Yotta
36%
Elena Miras
36%
Gigi Birofio
36%
Gunter Gabriel
36%
Werner Böhm
36%
Claudia Norberg
34%
Daniela Büchner
34%
Gina-Lisa Lohfink
34%
Günther Kaufmann
34%
Günther Krause
34%
Julian F. M. Stoeckel
34%
Kader Loth
34%
Martin Kesici
34%
Sandra Kiriasis
34%
Eike Immel
32%
Harald Glööckler
32%
Jana Pallaske
32%
Manuel Flickinger
32%
9Maren Gilzer
32%
Natascha Ochsenknecht
32%
Patrick Nuo
32%
Sandra Steffl
32%
Sonja Kirchberger
32%
Sophia Wollersheim
32%
Helena Fürst
30%
Matthias Mangiapane
30%
Sven Ottke
30%
Tanja Schumann
30%
Tanja Tischewitsch
30%
Verena Kerth
30%
Willi Herren
30%
Caroline Beil
28%
Cosimo Citiolo
28%
Dolly Buster
28%
Fräulein Menke
28%
Georgina Fleur
28%
4Ingrid van Bergen
28%
Jörn Schlönvoigt
28%
Katy Karrenbauer
28%
Marco Angelini
28%
Nico Schwanz
28%
5Peer Kusmagk
28%
Rocco Stark
28%
Ansgar Brinkmann
26%
Eva Jacob
26%
Florian Wess
26%
Jochen Bendel
26%
Marco Cerullo
26%
Toni Trips
26%
Winfried Glatzeder
26%
Angelina Heger
25%
Carsten Spengemann
25%
Gisele Oppermanmn
25%
Gitta Saxx
25%
Jasmin Herren
25%
Mathieu Carriere
25%
Nathalie Volk
25%
Rebecca Siemoneit-Barum
25%
Rolf Scheider
25%
Rolf Zacher
25%
Susan Stahnke
25%
Barbara Herzsprung
23%
Benjamin Boyce
23%
Carlo Thränhardt
23%
Christina Lugner
23%
Fiona Erdmann
23%
Hanka Rackwitz
23%
Harry Wijnvoord
23%
Jolina Mennen
23%
Linda Nobat
23%
Mola Adebisi
23%
Papis Loveday
23%
Raul Richter
23%
Anouschka Renzi
21%
Corinna Drews
21%
Giulia Siegel
21%
Isabel Varell
21%
Janina Youssefian
21%
Leila Lowfire
21%
Mariella Ahrens
21%
Nadja Abd el Farrag
21%
Tessa Bergmeier
21%
Vincent Raven
21%
Antonia Langsdorf
19%
Arno Funke
19%
Bata Illic
19%
16Cecilia Asoro
19%
Claudelle Deckert
19%
Daniele Negroni
19%
DJ Tomekk
19%
Doreen Dietel
19%
Gabriella De Almeida Rinne
19%
Heydi Nunez Gomez
19%
Isabel Edvardsson
19%
Jimmy Hartwig
19%
Lorielle London
19%
Patricia Blanco
19%
Ramona Leiß
19%
Silva Gonzalez
19%
Allegra Curtis
17%
Aurelio Savina
17%
Domenico de Cicco
17%
Dustin Semmelrogge
17%
Nicole Mieth
17%
Rainer Langhans
17%
Sydney Youngblood
17%
Anastasiya Avilova
15%
Björn-Hergen Schimpf
15%
Marlene Tackenberg
15%
Norbert Schramm
15%
Tara Tabitha
15%
Tommi Pieper
15%
Fabrice Morvan
13%
Giuliana Farfalla
13%
Ricky Harris
13%
Sibylle Rauch
13%
Tatjana Gsell
13%
Gundis Zambo
11%
Radost Bokel
11%
Kattia Vides
8%

Verteilung der Resultate

Perzentil nach korrekt beantworteten Fragen

Anzahl Personen mit jedem Resultat

Ihre Resultats-Entwicklung

Sie haben dieses Quiz seit der letzten Aktualisierung nicht gespielt